000 00438pab a2200169 454500
008 180718b2010 xxu||||| |||| 00| 0 eng d
100 _aBanerjee, Kaustav
245 _aThe NREGA, the Maoists and the developmental woes of the Indian state
260 _c2010
300 _ap.42-47.
362 _a10 Jul
650 _aEmployment
700 _aSaha, Partha
773 _aEconomic and Political Weekly
908 _aN
909 _a87180
999 _c87180
_d87180